000 00619nam a2200205 i 4500
001 47544
003 ES-MaACL
005 20250804062611.0
007 t|
008 030505s1916 sp |||| | spa d
080 _a821.134.2-23"18"
100 1 _aPérez Galdós, Benito,
_d1843-1920
_990871
245 1 0 _aSor Simona
_b: drama en tres actos y cuatro cuadros /
_coriginal de Benito Pérez Galdós.
260 _aMadrid :
_b[s.n.],
_c1916.
300 _a34 p. ;
_c19 cm.
490 1 _aLa novela corta ;
_v1
830 0 _aLa novela corta ;
_v1
_9182142
852 _aES-MaACL
_jG-4947(1)
999 _c47544
_d47544